Engineering technology and applications : (Record no. 591596)

000 -LEADER
fixed length control field 00464nam a22001097a 4500
020 ## - INTERNATIONAL STANDARD BOOK NUMBER
International Standard Book Number 9781138027053
082 ## - DEWEY DECIMAL CLASSIFICATION NUMBER
Classification number 620
Author Mark ENG
245 ## - TITLE STATEMENT
Title Engineering technology and applications :
Remainder of title proceedings of the 2014 International Conference on Engineering Technology and Applications (ICETA 2014), Tsingtao, China, 29-30 April 2014 /
Statement of responsibility, etc. Edited by Fun Shao, Wise Shu and Tracy Tian
260 ## - PUBLICATION, DISTRIBUTION, ETC.
Place of publication, distribution, etc. Boca Raton :
Name of publisher, distributor, etc. CRC Press,
Date of publication, distribution, etc. 2014.
300 ## - PHYSICAL DESCRIPTION
Extent 331 p. ;
Dimensions 25 cm.
942 ## - ADDED ENTRY ELEMENTS (KOHA)
Source of classification or shelving scheme
Koha item type Book
Holdings
Withdrawn status Lost status Source of classification or shelving scheme Damaged status Not for loan Permanent Location Current Location Shelving location Date acquired Source of acquisition Total Checkouts Full call number Barcode Date last seen Price effective from Koha item type
          Central Library (CL) Central Library (CL) Chinese Studies 10/10/2022 Donated by China Embassy   620 ENG CL-D-1928 10/10/2022 10/10/2022 Book
© 2023 Central Library, National University of Sciences and Technology. All Rights Reserved.